000 00839nmm a2200277 a 4500
001 ocm000570988
003 TR-IsHL
005 20201028121232.0
008 130705s1996 tu tur
007 cr cn
020 _a9789757812500
035 _a570988
_b(N$T)
050 0 4 _aPL248.Ş24
_bH3 1996
090 0 4 _aPL248.Ş24
_bH3 1996
100 1 _aŞahin, Hacı Bektaş
245 1 0 _aHasret türküleri
_h[electronic resource] /
_cHacı Bektaş Şahin
250 _a1. bs.
260 _aİstanbul :
_bCan Yayınları,
_c1996
300 _a80 p.
650 4 _aDil ve Edebiyat
650 4 _aLanguage and Literature
650 0 _aTürk şiiri
650 0 _aTurkish poetry
650 7 _aPOETRY / Middle Eastern
_2bisacsh
856 4 0 _uhttp://search.ebscohost.com/login.aspx?direct=true&scope=site&db=e011xww&AN=570988
999 _c1214
_d1214